| 000 | 00392nam a2200157Ia 4500 | ||
|---|---|---|---|
| 005 | 20250122005519.0 | ||
| 008 | 240331s9999 xx 000 0 und d | ||
| 020 | _a0415078326 | ||
| 082 |
_bRUS _a920 |
||
| 100 | _aRussell, B | ||
| 245 | 0 |
_aBertrand Russell : _bautobiography |
|
| 260 |
_aLondon And New York _bRoutledge _c1978 |
||
| 300 | _a750 p ., | ||
| 500 | _aAutobiography | ||
| 942 | _cL | ||
| 999 |
_c3416 _d3416 |
||